Culture générale - Spinoza - Statistiques

Statistiques générales
  • Ce quiz a été pris 16 fois
  • Le résultat moyen est 5 sur 15
Statistiques - réponses
Question Réponse % Correct
Famille originaire de quel pays? Portugal
86%
Son lieu de naissance? Amsterdam
71%
Prénom de Spinoza? Baruch
64%
Quel est l'équivalent de Dieu selon Spinoza? la Nature
57%
Son plus grand ouvrage? l'Ethique
43%
Il n'est pas juif d'origine Ashkénaze mais d'origine? Séfarade
43%
Date de décès? 1677
36%
Quelle est la ligne de conduite, commençant par R, du Spinozisme Rationalisme
36%
Quelle armée à pillé la bibliothèque du musée au 20ème siècle? Armée nazie
21%
Théorie selon laquelle on s'efforce de "persévérer dans son être" Conatus
21%
Nom donné à la forme la plus sévère d'excommunication juive, qu'il a connu? Herem
21%
Quel matériau travaille t'il à côté de ses journées d'apprentissage? les lentilles de verre
14%
Quel nom est donné aux juifs originaires de la péninsule ibérique? Marranes
14%
Son portrait apparaît sur un billet de 1000 ______, n'étant plus en circulation aujourd'hui Florins
7%
Dans quelle ville néerlandaise se trouve sa maison, devenue un musée aujourd'hui? Rijnsburg
7%
Aucun quiz correspondant
Distribution des résultats
% des personnes avec chaque résultat
Percentile par nombre de réponses
Votre historique - résultats
Vous n’avez pas pris ce quiz